Die 20 größten Stadien in Nordrhein-Westfalen - Statistiken

Allgemein
  • Dieses Quiz wurde 51 mal gespielt
  • Das Durchschnittsergebnis liegt bei 10 aus 20
Antwortstatistiken
Kapazität Stadion % Korrekt
62.271 Veltins-Arena (Gelsenkirchen)
98%
81.365 Signal-Iduna-Park (Dortmund)
94%
50.000 RheinEnergieStadion (Köln)
90%
54.042 Stadion im Borussia-Park (Mönchengladbach)
83%
30.210 BayArena (Leverkusen)
75%
27.599 Vonovia Ruhrstadion (Bochum)
71%
54.600 Merkur Spiel-Arena (Düsseldorf)
69%
32.960 Neuer Tivoli (Aachen)
69%
27.332 Schüco-Arena (Bielefeld)
65%
31.418 Schauinsland-Reisen-Arena (Duisburg)
60%
19.962 Stadion an der Hafenstraße (Essen)
54%
15.306 Home-Deluxe-Arena (Paderborn)
42%
23.067 Stadion am Zoo (Wuppertal)
42%
34.500 Grotenburg-Stadion (Krefeld)
35%
17.165 Stadion Niederrhein (Oberhausen)
29%
16.387 Lohrheidestadion (Bochum-Wattenscheid)
17%
16.500 Ischelandstadion (Hagen)
13%
18.716 Leimbachstadion (Siegen)
13%
37.612 Stadion Gladbeck (Gladbeck)
6%
18.400 Ludwig-Jahn-Stadion (Herford)
2%
Keine übereinstimmenden Quizze gefunden
Verteilung der Resultate
Anzahl Personen mit jedem Resultat
Perzentil nach korrekt beantworteten Fragen
Ihre Resultats-Entwicklung
Sie haben dieses Quiz noch nicht gespielt